000 00613nam a2200205 i 4500
001 47578
003 ES-MaACL
005 20230906161606.0
007 t|
008 030506s1916 sp ||||1| spa d
080 _a821.134.2-32"19"
100 1 _aFrancés, José,
_d1883-1964
_952141
245 1 3 _aEl raro amor de Gustavo Pinares
_b: novela inédita /
_cpor José Francés.
260 _aMadrid :
_b[s.n.],
_c1916.
300 _a34 p. ;
_c19 cm.
490 1 _aLa novela corta ;
_v32
830 0 _aLa novela corta ;
_v32
_9182142
852 _aES-MaACL
_jG-4948(32)
_bR.132489
999 _c47578
_d47578